Normal view
MARC view
Entry Personal Name
001 - CONTROL NUMBER
- control field: 38331
003 - CONTROL NUMBER IDENTIFIER
- control field: OSt
005 - DATE AND TIME OF LATEST TRANSACTION
- control field: 20230516123534.0
008 - FIXED-LENGTH DATA ELEMENTS
- fixed length control field: 230516|| aca||aabn | a|a d
040 ## - CATALOGING SOURCE
- Original cataloging agency: OSt
- Transcribing agency: OSt
100 ## - HEADING--PERSONAL NAME
- Personal name: Dhakate, Shaurya
670 ## - SOURCE DATA FOUND
- Source citation: Work cat.: (OSt)522067: Dhakate, Shaurya , How geo-strategy, warfare and war-tech have changed in 2022: A review of events which shaped the new paradigms of warcraft
